00637nam a22001932 4500001001100000005001700011008004100028020001700069040001500086100003500101245009000136250001300226260003400239300001200273650006600285650005500351700003400406852000300440000002489820151217152306.0140324s xx 000 0 eng d a0521684569 : aKABUcKABU1 aMcCarthy, Michael.@000018516210aEnglish vocabulary in use :bupper-intermediate /cMichael McCarthy, Felicity O'Dell. aNew ed. aCambridge :bC. U. P.,c2001. a296 p. 0aEnglish languagexTextbooks for foreign speakers.@0000152039 0aVocabulary.xProblems, exercises, etc.@00001851631 aO'Dell, Felicity.@00001851641